01005 a2200169 45000010006000000050017000060080041000230030015000640400040000790800046001192450049001652500012002142640033002263000019002595050535002781000022008135674620260407155831.0260407a1953 arg spa dAR-UNSa-BCEJYS aAR-UNSa-BCEJYSbspacAR-UNSa-BCEJYS a101xNaturaleza y papel de la filosofía10aFilosfofía ContemporaneapEstudios y Notas a3a. ed. 1aBuenos Aires :bLosadac1953 a174 p.c21 cm. a1. Un filósofo de la problematicidad – 2. Temporalismo – 3. Dos concepciones de la realidad – 4. Descartes y Husserl – 5. Pérdida y recuperación del sujeto en Husserl – 6. R. Muller-Freienfls y los valores – 7. Los problemas de la filosofía de la cultura – 8. Las etapas de la psicología – 9. Ideas sobre el espíritu – 10. La otra sustancia – 11. Max Scheler y “El puesto del hombre en el cosmos” – 12. Actualidad de la ontología – 13. La teoría de la forma – 14. La caracterología 1 aRomero, Francisco